00381nam a2200157Ia 4500008004000000041000800040082001700048100002000065245003600085260004100121300001300162650001000175650001500185650001500200650000800215210210b2009 xxu||||| |||| 00| 0 eng d aeng a574.191 RAGB aRAGLAND (Annie) aBiophysics and plant physiology aKanyakumaribSaras Publicationc2009 avii--240 aplant aphysiology aBiophysics aand